TEXTBOOK OF ENDODONTICS (Record no. 21833)

MARC details
000 -LEADER
fixed length control field 00359nam a22001577a 4500
003 - CONTROL NUMBER IDENTIFIER
control field SGT
020 ## - INTERNATIONAL STANDARD BOOK NUMBER
International Standard Book Number ‎ 978-9350909522
082 ## - DEWEY DECIMAL CLASSIFICATION NUMBER
Classification number 617.6342
Item number E14G
100 ## - MAIN ENTRY--PERSONAL NAME
Personal name GARG NISHA
245 ## - TITLE STATEMENT
Title TEXTBOOK OF ENDODONTICS
250 ## - EDITION STATEMENT
Edition statement 3rd
260 ## - PUBLICATION, DISTRIBUTION, ETC. (IMPRINT)
Place of publication, distribution, etc DELHI INDIA
Name of publisher, distributor, etc JAYPEE PUBLISHER
Year of Publication 2014
300 ## - PAGE DESCRIPTION
No. of Pages 1-600
650 ## - SUBJECT ADDED ENTRY--TOPICAL TERM
Topical term or geographic name as entry element ENDODONTICS
942 ## - ADDED ENTRY ELEMENTS (KOHA)
Source of classification or shelving scheme Dewey Decimal Classification
Koha item type Books
942 ## - ADDED ENTRY ELEMENTS (KOHA)
-- 21
Holdings
Withdrawn status Lost status Source of classification or shelving scheme Damaged status Not for loan Home library Current library Shelving location Date acquired Vendor Name SGTU Total Checkouts Full call number Accession No. (Barcode) Date last seen Date last borrowed Bill Date Koha item type
    Dewey Decimal Classification     SGT Dental Library SGT Dental Library Text Book 10/09/2021 ABC SGTU 10 617.6342 E14G FD8439 23/12/2025 05/12/2025 10/09/2021 Books
    Dewey Decimal Classification     SGT Dental Library SGT Dental Library Text Book 10/09/2021 ABC SGTU 14 617.6342 E14G FD8440 10/12/2025 04/11/2025 10/09/2021 Books